003640000a220010900045001000021000002450053000213000044000747730021001189420008001399520090001479990017002371 aGreen, Guillermo10aDel escritorio al púlpito : ¿Un disco rayado? aVol. 2, Núm 2 (2000), Páginas 37-450 tReforma Siglo 21 cANA 001040708HEMaFUSBCbFUSBCd2016-01-26l0o r2016-01-26 00:00:00w2016-01-26yANA c52902d52902